00490nam a2200205 a 4500001001300000003000900013005001700022008004100039020001000080082001500090100001600105245002300121260003200144300000800176500003500184505001000219650001900229650002000248700001600268nice12345678IN_TiNIC20260116013140.0050524s1974 lona grp 000 0 eng  ac20000a297.4bPAL aPalmer, E H aOriental Mysticism aLondonbOctagon Pressc1974 a84p aincludes index and biblioraphy2 aIndex aSufism-Persian aSufism-Glossary1 aPalmer, E H